[Event "South Moravia Region-chT 2223"]
[Site "Czech Republic"]
[Date "2023.04.02"]
[Round "11.2"]
[White "Holusova, Tana"]
[Black "Provaznik, Michal"]
[Result "0-1"]
[WhiteElo "2041"]
[BlackElo "2085"]
[PlyCount "68"]
[EventDate "2022.10.09"]
[EventType "team-tourn"]
[EventRounds "11"]
[EventCountry "CZE"]
[SourceTitle "EXT 2024"]
[Source "ChessBase"]
[SourceDate "2023.10.10"]
[SourceVersion "1"]
[SourceVersionDate "2023.10.10"]
[SourceQuality "1"]

1. e4 c5 2. Nf3 Nc6 3. d4 cxd4 4. Nxd4 Nf6 5. Nc3 e6 6. Be3 d5 7. Bb5 Bd7 8. Bxc6 bxc6 9. e5 Ng8 10. Nb3 Qc7 11. Qd4 Ne7 12. Bf4 Nf5 13. Qd2 g5 14. Bxg5 Qxe5+ 15. Kf1 Rg8 16. Bf4 Qg7 17. Rg1 a5 18. a4 Bb4 19. Re1 Bc8 20. f3 Ba6+ 21. Kf2 0-0-0 22. Be5 f6 23. Bd4 e5 24. Bb6 Qb7 25. Bc5 Bxc5+ 26. Nxc5 Qb6 27. g4 Qxc5+ 28. Kg2 Nd4 29. Rd1 h5 30. h3 hxg4 31. fxg4 f5 32. g5 f4 33. h4 Nf5 34. Rh1 Ne3+ 0-1

[Event "South Moravia Region-chT 2223"]
[Site "Czech Republic"]
[Date "2023.01.29"]
[Round "7.1"]
[White "Majer, Jiri"]
[Black "Holusova, Tana"]
[Result "1/2-1/2"]
[WhiteElo "2217"]
[BlackElo "2041"]
[PlyCount "55"]
[EventDate "2022.10.09"]
[EventType "team-tourn"]
[EventRounds "11"]
[EventCountry "CZE"]
[SourceTitle "EXT 2024"]
[Source "ChessBase"]
[SourceDate "2023.10.10"]
[SourceVersion "1"]
[SourceVersionDate "2023.10.10"]
[SourceQuality "1"]

1. d4 Nf6 2. Nf3 e6 3. g3 b6 4. Bg2 Bb7 5. 0-0 Be7 6. b3 0-0 7. Bb2 d6 8. Nbd2 Nbd7 9. c4 Ne4 10. Rc1 f5 11. Ne1 Nxd2 12. Qxd2 Bxg2 13. Nxg2 Bg5 14. e3 Nf6 15. Nf4 Qe7 16. d5 Ne4 17. Qe2 e5 18. Ne6 Rf7 19. b4 Bh6 20. Rce1 Qe8 21. f3 Nf6 22. f4 c6 23. fxe5 cxd5 24. exf6 Qxe6 25. Qf3 Re8 26. Qxd5 Qxd5 27. cxd5 g6 28. Bd4 1/2-1/2

[Event "CZE-chT2E 1516"]
[Site "Czech Republic"]
[Date "2016.04.03"]
[Round "10.8"]
[White "Drysl, Radek"]
[Black "Holusova, Tana"]
[Result "0-1"]
[WhiteElo "1890"]
[BlackElo "2038"]
[PlyCount "98"]
[EventDate "2015.10.18"]
[EventType "team-tourn"]
[EventRounds "11"]
[EventCountry "CZE"]
[SourceTitle "EXT 2022"]
[Source "ChessBase"]
[SourceDate "2021.10.06"]
[SourceVersion "1"]
[SourceVersionDate "2021.10.06"]
[SourceQuality "1"]
[WhiteTeam "Prusanky Podluzan"]
[BlackTeam "Lipovec Garde"]
[WhiteTeamCountry "CZE"]
[BlackTeamCountry "CZE"]

1. d4 Nf6 2. Nf3 b6 3. Bf4 Bb7 4. e3 g6 5. Be2 Bg7 6. h3 0-0 7. 0-0 d6 8. Nbd2 Nbd7 9. c3 e6 10. Ne1 Nd5 11. Bh2 f5 12. Nd3 Qe7 13. Bf3 Rab8 14. e4 fxe4 15. Nxe4 N7f6 16. Re1 Nxe4 17. Bxe4 Qf7 18. Qe2 Ba6 19. Bxd5 exd5 20. f3 Qf5 21. Rad1 Rbe8 22. Qxe8 Rxe8 23. Rxe8+ Kf7 24. Re3 Bh6 25. f4 Bxd3 26. Rexd3 Kg8 27. g4 Qe4 28. g5 Bg7 29. Kf2 c5 30. dxc5 dxc5 31. R3d2 d4 32. Re2 Qf5 33. cxd4 Bxd4+ 34. Kg3 h6 35. h4 h5 36. Kg2 Qg4+ 37. Kf1 Qxh4 38. Rd3 Qg4 39. Rg2 Qf5 40. Rgd2 Qe4 41. Bg3 h4 42. Bf2 Qxf4 43. Ke1 Qe4+ 44. Kf1 Qh1+ 45. Ke2 h3 46. Bxd4 cxd4 47. Rxd4 h2 48. Rd8+ Kf7 49. R2d7+ Ke6 0-1

[Event "Hustopece op"]
[Site "Hustopece"]
[Date "2011.06.04"]
[Round "1"]
[White "Holusova, Tana"]
[Black "Movsesian, Sergei"]
[Result "0-1"]
[WhiteElo "2081"]
[BlackElo "2705"]
[PlyCount "84"]
[EventDate "2011.06.04"]
[EventType "swiss (rapid)"]
[EventRounds "9"]
[EventCountry "CZE"]
[SourceTitle "CBM 142 Extra"]
[Source "ChessBase"]
[SourceDate "2011.06.27"]
[SourceVersion "1"]
[SourceVersionDate "2011.06.27"]
[SourceQuality "1"]

1. e4 c5 2. Nf3 e6 3. d4 cxd4 4. Nxd4 Nc6 5. Nc3 Qc7 6. Be3 a6 7. Bd3 Nf6 8. 0-0 h5 9. Kh1 Ng4 10. Nf3 Bd6 11. h3 Nxe3 12. fxe3 Ne5 13. Ne2 b6 14. Ned4 Bb7 15. Qe1 f6 16. a4 g5 17. Nd2 Ke7 18. a5 b5 19. Qe2 Rag8 20. c4 b4 21. Rac1 Bc5 22. N2b3 d6 23. Nf3 Nxd3 24. Qxd3 g4 25. Nh4 gxh3 26. gxh3 Rg3 27. Rf3 Rhg8 28. Nd4 Rxf3 29. Nhxf3 Qc8 30. Rg1 Rxg1+ 31. Kxg1 Qg8+ 32. Kf2 Qg6 33. Nd2 h4 34. Ke2 Qg2+ 35. Kd1 Qxh3 36. e5 f5 37. exd6+ Bxd6 38. N4b3 Qg4+ 39. Kc2 h3 40. c5 Bc7 41. Nd4 Be4 42. Nxe4 Qxe4 0-1

[Event "Litomysl op"]
[Site "Litomysl"]
[Date "2006.12.29"]
[Round "5"]
[White "Holusova, Tana"]
[Black "Cerveny, Petr"]
[Result "0-1"]
[WhiteElo "2097"]
[BlackElo "2286"]
[PlyCount "62"]
[EventDate "2006.12.26"]
[EventType "swiss"]
[EventRounds "9"]
[EventCountry "CZE"]
[SourceTitle "CBM 116 Extra"]
[Source "ChessBase"]
[SourceDate "2007.03.07"]
[SourceVersion "1"]
[SourceVersionDate "2007.03.07"]
[SourceQuality "1"]

1. e4 c5 2. Nf3 e6 3. d4 cxd4 4. Nxd4 Nf6 5. Bd3 Nc6 6. Nb3 d6 7. 0-0 Be7 8. Kh1 0-0 9. Nc3 a6 10. a4 b6 11. f4 Bb7 12. Qe2 Nb4 13. Bd2 Nd7 14. Nd1 Nxd3 15. cxd3 Rc8 16. Ne3 Bf6 17. Nc4 Qc7 18. Rac1 Qb8 19. Bb4 Nc5 20. Nbd2 b5 21. axb5 axb5 22. e5 bxc4 23. exf6 Nxd3 24. Qg4 g6 25. Qg5 Kh8 26. Qh6 Rg8 27. Rc3 Qa8 28. Nf3 Bxf3 29. gxf3 Nxb4 30. Rg1 Nd3 31. Rg3 Qa1+ 0-1

[Event "CZE-chT2f 0506"]
[Site "Czech Republic"]
[Date "2006.04.09"]
[Round "11.4"]
[White "Novotny, Josef"]
[Black "Holusova, Tana"]
[Result "1-0"]
[WhiteElo "2233"]
[BlackElo "2105"]
[PlyCount "67"]
[EventDate "2005.10.16"]
[EventType "team"]
[EventRounds "11"]
[EventCountry "CZE"]
[SourceTitle "EXT 2009"]
[Source "ChessBase"]
[SourceDate "2008.11.26"]
[SourceVersion "1"]
[SourceVersionDate "2008.11.26"]
[SourceQuality "1"]

1. e4 c5 2. c3 e6 3. d4 d5 4. exd5 exd5 5. Be3 cxd4 6. Bxd4 Nc6 7. Bb5 Qg5 8. Nf3 Qe7+ 9. Be3 Be6 10. 0-0 a6 11. Ba4 b5 12. Bc2 Qc7 13. Re1 Bd6 14. h3 Nge7 15. Ng5 Nd8 16. Nxh7 Bh2+ 17. Kh1 Bf4 18. Qh5 Rg8 19. Ng5 g6 20. Qf3 Bxe3 21. Rxe3 Rc8 22. Nh7 Rh8 23. Ng5 Qc4 24. Nd2 Qh4 25. Nxe6 fxe6 26. Qg3 Qh6 27. Nf3 Rg8 28. Rae1 g5 29. Ne5 Rf8 30. Ng4 Qh4 31. Qd6 Rc6 32. Bg6+ Nxg6 33. Rxe6+ Kf7 34. Rf6+ 1-0

[Event "CZE-chT2f 0506"]
[Site "Czech Republic"]
[Date "2006.03.26"]
[Round "10.4"]
[White "Holusova, Tana"]
[Black "Kana, Pavel"]
[Result "0-1"]
[WhiteElo "2105"]
[BlackElo "2151"]
[PlyCount "114"]
[EventDate "2005.10.16"]
[EventType "team"]
[EventRounds "11"]
[EventCountry "CZE"]
[SourceTitle "EXT 2009"]
[Source "ChessBase"]
[SourceDate "2008.11.26"]
[SourceVersion "1"]
[SourceVersionDate "2008.11.26"]
[SourceQuality "1"]

1. e4 c5 2. Nf3 e6 3. d4 cxd4 4. Nxd4 a6 5. Bd3 Qc7 6. Nc3 Bc5 7. Nb3 Be7 8. Qe2 d6 9. 0-0 Nf6 10. Bd2 Nbd7 11. a4 Ne5 12. a5 Bd7 13. Be3 Bc6 14. Bb6 Qc8 15. f4 Nxd3 16. cxd3 Nd7 17. Bf2 0-0 18. Rfc1 Qd8 19. Nd2 d5 20. e5 Bb4 21. Nb3 Rc8 22. Qg4 Bb5 23. Nxb5 Rxc1+ 24. Nxc1 axb5 25. Nb3 Qe7 26. d4 Rc8 27. Qe2 Rc4 28. a6 bxa6 29. Rxa6 Qd8 30. h3 Qb8 31. Qd3 Qb7 32. Ra1 h6 33. Kh2 Nb6 34. Na5 Bxa5 35. Rxa5 b4 36. b3 Rc3 37. Qb5 Qc6 38. Qxb4 Nc8 39. Bh4 Kh7 40. Bd8 Rc2 41. Rc5 Rxc5 42. dxc5 Qd7 43. Qa5 Na7 44. Qc7 Qxc7 45. Bxc7 Nc6 46. Kg1 Kg8 47. Kf2 Kf8 48. Bd6+ Ke8 49. Ke3 g6 50. g4 h5 51. gxh5 gxh5 52. f5 exf5 53. b4 Nxb4 54. Kd4 Kd7 55. c6+ Nxc6+ 56. Kxd5 Ne7+ 57. Kd4 Ng6 0-1

[Event "CZE-chT2f 0506"]
[Site "Czech Republic"]
[Date "2006.01.15"]
[Round "6.2"]
[White "Holusova, Tana"]
[Black "Nabelek, Marek"]
[Result "0-1"]
[WhiteElo "2105"]
[BlackElo "2158"]
[PlyCount "42"]
[EventDate "2005.10.16"]
[EventType "team"]
[EventRounds "11"]
[EventCountry "CZE"]
[SourceTitle "EXT 2009"]
[Source "ChessBase"]
[SourceDate "2008.11.26"]
[SourceVersion "1"]
[SourceVersionDate "2008.11.26"]
[SourceQuality "1"]

1. e4 c5 2. Nf3 e6 3. d4 cxd4 4. Nxd4 Nf6 5. Nc3 Bb4 6. Bd3 d5 7. e5 Nfd7 8. Qh5 g6 9. Qe2 Nc6 10. Nxc6 bxc6 11. 0-0 0-0 12. Nd1 f6 13. Bh6 Rf7 14. exf6 e5 15. Bxg6 hxg6 16. Qg4 Qxf6 17. Qxb4 g5 18. Bxg5 Qxg5 19. Ne3 Rg7 20. g3 e4 21. Qa4 Ne5 0-1

[Event "Stare Mesto op"]
[Site "Stare Mesto"]
[Date "2005.08.19"]
[Round "9"]
[White "Holusova, Tana"]
[Black "Gschwendtner, Stanislav"]
[Result "0-1"]
[WhiteElo "2085"]
[BlackElo "2165"]
[PlyCount "116"]
[EventDate "2005.08.12"]
[EventType "swiss"]
[EventRounds "9"]
[EventCountry "CZE"]
[SourceTitle "EXT 2006"]
[Source "ChessBase"]
[SourceDate "2005.11.24"]
[SourceVersion "1"]
[SourceVersionDate "2005.11.24"]
[SourceQuality "1"]

1. e4 c5 2. Nf3 d6 3. d4 cxd4 4. Nxd4 Nf6 5. Nc3 g6 6. Be3 Bg7 7. f3 0-0 8. Qd2 Nc6 9. 0-0-0 Nxd4 10. Bxd4 Be6 11. g4 Qa5 12. a3 Rfc8 13. h4 Rab8 14. h5 b5 15. hxg6 b4 16. gxh7+ Kh8 17. Nd5 Bxd5 18. exd5 Qxd5 19. axb4 Qa2 20. Qd3 e5 21. Bc3 Rxc3 22. Qxc3 e4 23. Bc4 Qa1+ 24. Kd2 Qa4 25. b3 Qc6 26. Kc1 d5 27. Qe5 Re8 28. Bxd5 Nxd5 29. Qxd5 Qc3 30. Qc4 Qb2+ 31. Kd2 Qe5 32. Qc5 e3+ 33. Ke2 Qg3 34. Qc6 Qf2+ 35. Kd3 Rf8 36. Qe4 Rc8 37. c4 Rd8+ 38. Qd5 Rxd5+ 39. cxd5 Qxf3 40. Rc1 e2+ 41. Kd2 Bh6+ 42. Rxh6 Qf4+ 43. Kxe2 Qxc1 44. Rc6 Qb2+ 45. Kd3 Qxb3+ 46. Kd4 Qxb4+ 47. Rc4 Qb2+ 48. Ke4 Qe2+ 49. Kd4 Qf2+ 50. Ke5 Qg3+ 51. Kd4 Qxg4+ 52. Kc5 Qc8+ 53. Kd4 Qd7 54. Rc6 Kxh7 55. Kc5 Kg7 56. d6 Kf6 57. Kd5 Qf5+ 58. Kc4 Ke6 0-1

[Event "Stare Mesto op"]
[Site "Stare Mesto"]
[Date "2005.08.15"]
[Round "5"]
[White "Holusova, Tana"]
[Black "Valenta, Vit"]
[Result "1-0"]
[WhiteElo "2085"]
[BlackElo "2183"]
[PlyCount "145"]
[EventDate "2005.08.12"]
[EventType "swiss"]
[EventRounds "9"]
[EventCountry "CZE"]
[SourceTitle "EXT 2006"]
[Source "ChessBase"]
[SourceDate "2005.11.24"]
[SourceVersion "1"]
[SourceVersionDate "2005.11.24"]
[SourceQuality "1"]

1. e4 c5 2. Nf3 e6 3. d4 cxd4 4. Nxd4 Nf6 5. Nc3 a6 6. Bd3 Nc6 7. Nb3 Be7 8. 0-0 0-0 9. f4 e5 10. Nd5 d6 11. f5 Nxd5 12. exd5 Nb8 13. Qh5 Bf6 14. Be4 Qe7 15. Be3 Nd7 16. Rad1 h6 17. Rd3 Bg5 18. Qe2 Bxe3+ 19. Rxe3 b6 20. Rg3 f6 21. Qh5 Kh8 22. Rff3 Rf7 23. Rg4 Bb7 24. Rfg3 Nf8 25. Rh4 Nh7 26. Qg6 Rff8 27. Nd2 Qf7 28. Qxf7 Rxf7 29. Nc4 Rd8 30. Nxb6 Ng5 31. c4 Bc8 32. Bc2 Rb7 33. Rb3 Bd7 34. Nxd7 Rxb3 35. Bxb3 Rxd7 36. Ba4 Rb7 37. b3 Kg8 38. Rg4 Kf8 39. h4 h5 40. Rg3 Ne4 41. Re3 Nc5 42. Bc6 Rb8 43. Kf2 Kf7 44. Kf3 g6 45. g4 a5 46. Bb5 gxf5 47. gxf5 Rg8 48. a3 e4+ 49. Ke2 Rg2+ 50. Kf1 Rb2 51. b4 axb4 52. axb4 Rxb4 53. Ra3 Rb2 54. Ra7+ Kf8 55. Ra8+ Kg7 56. Ra7+ Kh6 57. Rf7 e3 58. Rxf6+ Kg7 59. Rg6+ Kf7 60. Rg2 Rxg2 61. Kxg2 Kf6 62. Be8 e2 63. Kf2 Kxf5 64. Kxe2 Kg4 65. Ke3 Kxh4 66. Kf4 Nd3+ 67. Kf5 Ne5 68. c5 Nc4 69. c6 Nb6 70. Ke6 Kg5 71. Bxh5 Kf4 72. Kxd6 Ke4 73. Bf7 1-0

[Event "Stare Mesto op"]
[Site "Stare Mesto"]
[Date "2005.08.13"]
[Round "2"]
[White "Bazant, Petr Sr"]
[Black "Holusova, Tana"]
[Result "1-0"]
[WhiteElo "2289"]
[BlackElo "2085"]
[PlyCount "183"]
[EventDate "2005.08.12"]
[EventType "swiss"]
[EventRounds "9"]
[EventCountry "CZE"]
[SourceTitle "EXT 2006"]
[Source "ChessBase"]
[SourceDate "2005.11.24"]
[SourceVersion "1"]
[SourceVersionDate "2005.11.24"]
[SourceQuality "1"]

1. d4 Nf6 2. g3 e6 3. Bg2 Be7 4. e4 d6 5. Ne2 0-0 6. 0-0 e5 7. Nd2 Bg4 8. f3 Bh5 9. g4 Bg6 10. d5 Nfd7 11. Nc4 a5 12. Bd2 b6 13. Ng3 Bg5 14. Rf2 Nc5 15. Bf1 Nbd7 16. Rg2 f6 17. Na3 Be8 18. Bb5 Rf7 19. Bxd7 Nxd7 20. Qe2 Nf8 21. c4 Ng6 22. Qe1 Rf8 23. Kh1 Qd7 24. Nb5 Qf7 25. Nc3 Bd7 26. Rc1 Nh4 27. Rf2 Ng6 28. Rf1 Qe8 29. b3 Kh8 30. a4 Qf7 31. Nce2 Qe8 32. Nf5 Qf7 33. Rc2 Rae8 34. Rg1 Nf4 35. Bxf4 Bxf4 36. Nxf4 exf4 37. Qd2 Re5 38. Qxf4 Qg6 39. Rcg2 Qg5 40. Qg3 Bxf5 41. gxf5 Qxg3 42. Rxg3 Rf7 43. Kg2 Kg8 44. Kf2 Kf8 45. Ke3 Re8 46. Kd4 Rfe7 47. Rh3 h6 48. Rg6 Kf7 49. Rhg3 Kf8 50. Rg1 Rd8 51. Kc3 Ra8 52. R6g2 Rf7 53. Rb2 Re7 54. Ra1 Kf7 55. Kd4 Rg8 56. Rg2 Ra8 57. h4 h5 58. Kc3 Ke8 59. Rb1 Kf7 60. b4 Ree8 61. bxa5 Rxa5 62. Rb4 Rea8 63. Kb3 R5a7 64. Rg1 Ra5 65. Ra1 R5a7 66. Rb5 g5 67. fxg6+ Kxg6 68. Rg1+ Kf7 69. Rb4 Re8 70. Ka3 Re5 71. Rb2 f5 72. Rg5 fxe4 73. Rxe5 dxe5 74. fxe4 Ra8 75. Rf2+ Ke7 76. Rf5 Kd6 77. Kb4 Rg8 78. Rxh5 Rg4 79. Rh6+ Kd7 80. a5 bxa5+ 81. Kxa5 Rxe4 82. Kb5 Rf4 83. Kc5 Rg4 84. h5 Rh4 85. Rh7+ Kd8 86. h6 e4 87. d6 Rh5+ 88. Kc6 cxd6 89. Kxd6 Ke8 90. c5 Kf8 91. c6 Kg8 92. Re7 1-0

[Event "Prague op-A 04th"]
[Site "Prague"]
[Date "2005.01.16"]
[Round "4"]
[White "Holusova, Tana"]
[Black "Kucera, Tomas"]
[Result "1-0"]
[WhiteElo "2127"]
[BlackElo "2008"]
[PlyCount "48"]
[EventDate "2005.01.14"]
[EventType "swiss"]
[EventRounds "9"]
[EventCountry "CZE"]
[SourceTitle "CBM 104 Extra"]
[Source "ChessBase"]
[SourceDate "2005.03.01"]
[SourceVersion "1"]
[SourceVersionDate "2005.03.01"]
[SourceQuality "1"]

1. e4 c5 2. Nf3 Nc6 3. d4 cxd4 4. Nxd4 Nf6 5. Nc3 e5 6. Ndb5 d6 7. Bg5 a6 8. Na3 b5 9. Bxf6 gxf6 10. Nd5 f5 11. c3 Bg7 12. exf5 Bxf5 13. Nc2 0-0 14. Nce3 Be6 15. Bd3 f5 16. 0-0 Qg5 17. Nc7 Rae8 18. Nxe8 Rxe8 19. Bxf5 Bxf5 20. Nxf5 Qxf5 21. Qd5+ Re6 22. Qxc6 Rh6 23. Qd5+ Kh8 24. a4 Qf4 1-0

[Event "Stare Mesto op"]
[Site "Stare Mesto"]
[Date "2004.08.21"]
[Round "10"]
[White "Rachela, Milan"]
[Black "Holusova, Tana"]
[Result "1-0"]
[WhiteElo "2308"]
[BlackElo "2153"]
[PlyCount "87"]
[EventDate "2004.08.13"]
[EventType "swiss"]
[EventRounds "10"]
[EventCountry "CZE"]
[SourceTitle "EXT 2006"]
[Source "ChessBase"]
[SourceDate "2005.11.24"]
[SourceVersion "1"]
[SourceVersionDate "2005.11.24"]
[SourceQuality "1"]

1. d4 Nf6 2. Nf3 b6 3. Nc3 Bb7 4. Bg5 e6 5. e4 h6 6. Bxf6 Qxf6 7. Bd3 Bb4 8. 0-0 Bxc3 9. bxc3 d6 10. Nd2 e5 11. f4 exf4 12. g3 Nd7 13. Rxf4 Qe7 14. Qg4 g5 15. Rf5 0-0-0 16. Raf1 Rdf8 17. Nc4 f6 18. Ne3 h5 19. Qf3 c6 20. a4 Re8 21. Re1 Kc7 22. c4 Rh6 23. c3 Bc8 24. Rf1 Bb7 25. Qg2 Qg7 26. a5 Rhh8 27. axb6+ axb6 28. c5 dxc5 29. dxc5 g4 30. cxb6+ Kd8 31. R5f4 Qf8 32. Nc4 h4 33. Rxg4 hxg3 34. Rxg3 Rh4 35. Qf2 Qe7 36. Rg2 Reh8 37. Qd4 Ba6 38. Na5 Bxd3 39. Nxc6+ Ke8 40. Nxe7 Bxf1 41. Kxf1 Rf4+ 42. Ke2 Rhh4 43. Rg8+ Nf8 44. Rxf8+ 1-0

[Event "Specsavers YM 14th"]
[Site "Millfield"]
[Date "2004.07.23"]
[Round "7"]
[White "Holusova, Tana"]
[Black "Seymour, Timothy P"]
[Result "0-1"]
[WhiteElo "2153"]
[BlackElo "1978"]
[PlyCount "98"]
[EventDate "2004.07.19"]
[EventType "swiss"]
[EventRounds "10"]
[EventCountry "ENG"]
[SourceTitle "CBM 101 Extra"]
[Source "ChessBase"]
[SourceDate "2004.09.01"]
[SourceVersion "2"]
[SourceVersionDate "2004.09.01"]
[SourceQuality "1"]

1. e4 d5 2. exd5 Nf6 3. c4 e6 4. d4 exd5 5. Nc3 c6 6. Bd3 dxc4 7. Bxc4 Bd6 8. Bg5 h6 9. Bh4 Qe7+ 10. Nge2 0-0 11. 0-0 Bxh2+ 12. Kh1 Bc7 13. Qd3 Be6 14. Rae1 Bxc4 15. Qxc4 Re8 16. f3 Nbd7 17. Nf4 Qf8 18. Bg3 Nb6 19. Qb3 Bxf4 20. Bxf4 Nfd5 21. Bg3 Qb4 22. Qxb4 Nxb4 23. Rd1 N6d5 24. a3 Nc2 25. Nxd5 cxd5 26. Rd3 Ne3 27. Rc1 Nf5 28. Bh2 Rac8 29. Rxc8 Rxc8 30. g4 Ne7 31. Rd2 f6 32. Kg2 Kf7 33. Kh3 Rc4 34. Kg2 Nc6 35. Bg1 b5 36. Kf1 b4 37. axb4 Nxb4 38. Ke2 Kg6 39. Bh2 Rc2 40. Bd6 Rxd2+ 41. Kxd2 Nc6 42. Kd3 Kg5 43. b3 f5 44. gxf5 Kxf5 45. Bf8 Kf6 46. Ke3 h5 47. Bc5 Kf5 48. Kf2 a6 49. Kg2 g5 0-1

[Event "Specsavers YM 14th"]
[Site "Millfield"]
[Date "2004.07.22"]
[Round "5"]
[White "Holusova, Tana"]
[Black "Jones, Gawain C B"]
[Result "0-1"]
[WhiteElo "2153"]
[BlackElo "2453"]
[PlyCount "137"]
[EventDate "2004.07.19"]
[EventType "swiss"]
[EventRounds "10"]
[EventCountry "ENG"]
[SourceTitle "CBM 101 Extra"]
[Source "ChessBase"]
[SourceDate "2004.09.01"]
[SourceVersion "2"]
[SourceVersionDate "2004.09.01"]
[SourceQuality "1"]

1. e4 c5 2. Nf3 g6 3. d4 cxd4 4. Nxd4 Bg7 5. c4 Nc6 6. Be3 Nf6 7. Nc3 Ng4 8. Qxg4 Nxd4 9. Qd1 Ne6 10. Qd2 Qa5 11. Bd3 Bxc3 12. bxc3 b6 13. 0-0 Ba6 14. f4 f5 15. Rad1 Nc5 16. exf5 Nxd3 17. Qxd3 Qxf5 18. Qd4 Rf8 19. Rfe1 Bb7 20. h3 d6 21. Bf2 Qxf4 22. Qxf4 Rxf4 23. Rxd6 Re4 24. Rxe4 Bxe4 25. Re6 Bf5 26. Re5 Rc8 27. c5 b5 28. Bh4 Rc7 29. g4 Bb1 30. a3 Ba2 31. c6 a6 32. Rc5 e6 33. Bg3 Rc8 34. c7 Kd7 35. Kf2 Bd5 36. Ke3 Rf8 37. Bf4 Kc8 38. a4 bxa4 39. Ra5 Bc6 40. Rxa6 Kb7 41. Ra5 Kb6 42. Bd6 Rc8 43. Re5 Bd5 44. Kd4 Kc6 45. Ba3 Kd7 46. c4 Bg2 47. h4 Bf3 48. Ra5 Bxg4 49. Rxa4 Rxc7 50. Ke5 Kc6 51. Bd6 Rf7 52. c5 Rf5+ 53. Ke4 Bf3+ 54. Kd4 Kb5 55. Ra3 Bd5 56. Re3 Kc6 57. Re5 Rf4+ 58. Ke3 Rxh4 59. Rg5 Re4+ 60. Kd3 Ra4 61. Rg1 h5 62. Ke3 Be4 63. Kf4 Bf5+ 64. Ke5 h4 65. Rg2 Re4+ 66. Kf6 h3 67. Rb2 Rg4 68. Rb6+ Kd5 69. Ke7 0-1

[Event "Specsavers YM 14th"]
[Site "Millfield"]
[Date "2004.07.20"]
[Round "3"]
[White "Holusova, Tana"]
[Black "Longson, Sarah N"]
[Result "1-0"]
[WhiteElo "2153"]
[BlackElo "1880"]
[PlyCount "53"]
[EventDate "2004.07.19"]
[EventType "swiss"]
[EventRounds "10"]
[EventCountry "ENG"]
[SourceTitle "CBM 101 Extra"]
[Source "ChessBase"]
[SourceDate "2004.09.01"]
[SourceVersion "2"]
[SourceVersionDate "2004.09.01"]
[SourceQuality "1"]

1. e4 c5 2. Nf3 Nc6 3. d4 cxd4 4. Nxd4 g6 5. c4 Bg7 6. Be3 d6 7. Nc3 Nf6 8. Be2 0-0 9. 0-0 Bd7 10. Qd2 Rc8 11. f4 Bg4 12. Rad1 Bxe2 13. Qxe2 Qd7 14. f5 Ne5 15. b3 a6 16. Qe1 Qc7 17. fxg6 Nxg6 18. Nf5 Ne8 19. Nd5 Qd8 20. Nxg7 Nxg7 21. Bh6 f6 22. Qg3 Kh8 23. Nf4 Qb6+ 24. Kh1 Rg8 25. Nxg6+ hxg6 26. Qxg6 Rc5 27. Be3 1-0

[Event "Brno IM-A"]
[Site "Brno"]
[Date "2004.07.10"]
[Round "8"]
[White "Vybiral, Zdenek"]
[Black "Holusova, Tana"]
[Result "0-1"]
[WhiteElo "2239"]
[BlackElo "2153"]
[PlyCount "94"]
[EventDate "2004.07.03"]
[EventType "tourn"]
[EventRounds "9"]
[EventCountry "CZE"]
[EventCategory "3"]
[SourceTitle "CBM 101 Extra"]
[Source "ChessBase"]
[SourceDate "2004.09.01"]
[SourceVersion "2"]
[SourceVersionDate "2004.09.01"]
[SourceQuality "1"]

1. e4 e6 2. d4 d5 3. e5 c5 4. c3 Nc6 5. Be3 cxd4 6. cxd4 Qb6 7. Qd2 Nge7 8. Nc3 Nf5 9. Nf3 Be7 10. Bd3 Nxe3 11. fxe3 Bd7 12. 0-0 f6 13. exf6 Bxf6 14. Rac1 0-0 15. Qc2 h6 16. Qf2 Qc7 17. Bb1 Be8 18. Qc2 g5 19. Qd2 Qg7 20. Rcd1 Bh5 21. Ne2 Rad8 22. Qc2 Ne7 23. e4 Rc8 24. Qd2 Ng6 25. e5 Bd8 26. Qe3 Bb6 27. Kh1 Ne7 28. Ng3 Bg6 29. Bd3 Nc6 30. Bxg6 Qxg6 31. h4 gxh4 32. Nxh4 Qg5 33. Qxg5+ hxg5 34. Nf3 g4 35. Ng5 Rxf1+ 36. Rxf1 Nxd4 37. Nh5 a6 38. Nf6+ Kg7 39. g3 Kg6 40. Kg2 Kxg5 41. Nd7 Rc2+ 42. Kh1 Ba7 43. Rf8 Nf3 44. Rg8+ Kh6 45. Rh8+ Kg7 46. Rh5 Rc1+ 47. Kg2 Rg1# 0-1

[Event "Brno IM-A"]
[Site "Brno"]
[Date "2004.07.05"]
[Round "3"]
[White "Slaby, Jerzy"]
[Black "Holusova, Tana"]
[Result "1-0"]
[WhiteElo "2391"]
[BlackElo "2153"]
[PlyCount "75"]
[EventDate "2004.07.03"]
[EventType "tourn"]
[EventRounds "9"]
[EventCountry "CZE"]
[EventCategory "3"]
[SourceTitle "CBM 101 Extra"]
[Source "ChessBase"]
[SourceDate "2004.09.01"]
[SourceVersion "2"]
[SourceVersionDate "2004.09.01"]
[SourceQuality "1"]

1. Nf3 Nf6 2. g3 b6 3. Bg2 Bb7 4. 0-0 e6 5. c4 Be7 6. Nc3 0-0 7. Re1 d6 8. d4 Nbd7 9. e4 e5 10. h3 Re8 11. b3 Bf8 12. Bb2 a5 13. Qc2 exd4 14. Nxd4 Nc5 15. Nd5 Nfd7 16. Nf5 Ne5 17. f4 Ned7 18. Qc3 f6 19. g4 Ne6 20. Rf1 c6 21. Nde3 Qc7 22. Rad1 Ndc5 23. h4 d5 24. exd5 Nxf4 25. Rxf4 Qxf4 26. dxc6 Bc8 27. Nd5 Ne4 28. Nxf4 Nxc3 29. Bxc3 Bc5+ 30. Bd4 g6 31. Bd5+ Kf8 32. Bxc5+ bxc5 33. c7 Ra6 34. Nh6 Kg7 35. g5 fxg5 36. hxg5 Re7 37. Bf7 Rxc7 38. Rd8 1-0

[Event "Brno IM-A"]
[Site "Brno"]
[Date "2004.07.04"]
[Round "2"]
[White "Holusova, Tana"]
[Black "Luch, Michal"]
[Result "1/2-1/2"]
[WhiteElo "2153"]
[BlackElo "2383"]
[PlyCount "28"]
[EventDate "2004.07.03"]
[EventType "tourn"]
[EventRounds "9"]
[EventCountry "CZE"]
[EventCategory "3"]
[SourceTitle "CBM 101 Extra"]
[Source "ChessBase"]
[SourceDate "2004.09.01"]
[SourceVersion "2"]
[SourceVersionDate "2004.09.01"]
[SourceQuality "1"]

1. e4 e5 2. f4 exf4 3. Nf3 g5 4. d4 g4 5. Bxf4 gxf3 6. Qxf3 Nc6 7. Bc4 d5 8. Bxd5 Nxd4 9. Bxf7+ Kxf7 10. Qh5+ Kg7 11. 0-0 Nc6 12. Bxc7 Qd4+ 13. Kh1 Nf6 14. Qg5+ Kf7 1/2-1/2